ბათუმის შოთა რუსთაველის სახელმწიფო უნივერსიტეტის ბიბლიოთეკა

ტექნიკურ გაზომვათა საფუძვლები : დამხმ.სახელმძღვ. / (ბიბ.ჩანაწერი № 38941)

000 -ლიდერი
ფიქსირებული სიგრძის საკონტროლო ველი 00888nam a2200205Ia 4500
001 - საკონტროლო ნომერი
საკონტროლო ველი 5377
003 - საკონტროლო ნომრის იდენტიფიკატორი
საკონტროლო ველი GE_BSU
005 - ბოლო ოპერაციის თარიღი და დრო
საკონტროლო ველი 20190628153326.0
008 - ფიქსირებული სიგრძის მონაცემთა ელემენტები - ზოგადი ინფორმაცია
ფიქსირებული სიგრძის საკონტროლო ველი 181216s1971|||| |||||||||||||| ||geo||
041 ## - ენის კოდი
Language code of text/sound track or separate title geo
080 ## - უნივერსალური ათობითი კლასიფიკაციის ინდექსი
Universal Decimal Classification number 681(075.5)+620.1(075.8) ფ-24
100 ## - მთავარი ჩანაწერი - პიროვნების სახელი
Personal name ფაჩულია,ს.
9 (RLIN) 3057
245 ## - ცნობა სათაურის შესახებ
Title ტექნიკურ გაზომვათა საფუძვლები : დამხმ.სახელმძღვ. /
Statement of responsibility, etc ს. ფაჩულია ; რედ : ე.კირვალიძე.
264 ## - წარმოების, გამოცემის, დისტრიბუციის და სხვა ცნობები
გამოცემის, წარმოების, დისტრიბუციის... ადგილი თბილისი :
გამოცემის, წარმოების, დისტრიბუციის... სახელწოდება სპი,
გამოცემის, წარმოების, დისტრიბუციის... თარიღი 1971.
300 ## - ფიზიკური აღწერა
Extent 78 გვ .:
Other physical details ილ ;
Dimensions 20 სმ;
504 ## - BIBLIOGRAPHY, ETC. NOTE
Bibliography, etc ბიბლიოგრ.:გვ.76
653 ## - INDEX TERM--UNCONTROLLED
Uncontrolled term ტექნიკურ გაზომვათა საფუძვლები
700 ## - ADDED ENTRY--PERSONAL NAME
Personal name კირვალიძე, ე
Relator term რედაქტორი
9 (RLIN) 3058
942 ## - ADDED ENTRY ELEMENTS (KOHA)
Koha item type წიგნი
Source of classification or shelving scheme
ეგზემპლარები
ჩამოწერის სტატუსი დაკარგული ეგზემპლარის სტატუსი კლასიფიკაციის წყარო ან თაროზე გაწყობის სქემა დაზიანების სტატუსი არ გაიცემა მუდმივი მდებარეობა (დაცვის ადგილი) ამჟამინდელი ადგილსამყოფელი თაროზე განთავსების ადგილი შეძენის თარიღი ღირებულება, შესყიდვის ნორმალური ფასი სრული შენახვის შიფრი შტრიხკოდი ბოლო ოპერაციის თარიღი ეგზემპლარის მიმდევრობითი ნომერი (კეტერი?) ფასის ძალაში შესვლის თარიღი ეგზემპლარის სახეობა საჯარო შენიშვნა
          ტექნოლოგიური ფაკულტეტის ბიბლიოთეკა ტექნოლოგიური ფაკულტეტის ბიბლიოთეკა წიგნსაცავი 2018-12-17 0.00 681(075.5)+620.1(075.8) ფ-24 11061 2018-12-17 11061 2018-12-17 წიგნი 0,50 თ.
          ტექნოლოგიური ფაკულტეტის ბიბლიოთეკა ტექნოლოგიური ფაკულტეტის ბიბლიოთეკა წიგნსაცავი 2018-12-17 0.00 681(075.5)+620.1(075.8) ფ-24 11062 2018-12-17 11062 2018-12-17 წიგნი 0,50 თ.
          ტექნოლოგიური ფაკულტეტის ბიბლიოთეკა ტექნოლოგიური ფაკულტეტის ბიბლიოთეკა წიგნსაცავი 2018-12-17 0.00 681(075.5)+620.1(075.8) ფ-24 11063 2018-12-17 11063 2018-12-17 წიგნი 0,50 თ.
          ტექნოლოგიური ფაკულტეტის ბიბლიოთეკა ტექნოლოგიური ფაკულტეტის ბიბლიოთეკა წიგნსაცავი 2018-12-17 0.00 681(075.5)+620.1(075.8) ფ-24 11064 2018-12-17 11064 2018-12-17 წიგნი 0,50 თ.
          ტექნოლოგიური ფაკულტეტის ბიბლიოთეკა ტექნოლოგიური ფაკულტეტის ბიბლიოთეკა წიგნსაცავი 2018-12-17 0.00 681(075.5)+620.1(075.8) ფ-24 11065 2018-12-17 11065 2018-12-17 წიგნი 0,50 თ.